John Locke : [a critical introduction] /

محفوظ في:

المؤلف الرئيسي: O'Connor, D. J. 1914-2012 (مؤلف)

التنسيق: كتاب

اللغة: English

منشور في: London ; Baltimore : Penguin Books, [1952].

سلاسل: Pelican books ; A267.

الموضوعات:

الوسوم: إضافة وسم

لا توجد وسوم, كن أول من يضع وسما على هذه التسجيلة!

رقم الطلب: B1297 .O25 1952

LEADER 00919nam a2200313M 4500
001 8638
003 OSt
005 20250916105257.0
008 130303s1952 enk b 000 0beng d
010 |a a 53009980 
015 |a GB52-15390 
029 1 |a UKM  |b b5215390 
035 |a ocm16408583 
040 |c ARCE Library 
043 |a e-uk-en 
050 4 |a B1297 .O25 1952 
100 1 |a O'Connor, D. J.  |q (Daniel John),  |d 1914-2012,  |e author 
245 1 0 |a John Locke :  |b [a critical introduction] /  |c [by] D.J. O'Connor. 
264 1 |a London ;  |a Baltimore :  |b Penguin Books,  |c [1952]. 
300 |a 223 pages ;  |c 19 cm. 
490 0 |a Pelican philosophy series 
490 1 |a Pelican books ;  |v A267. 
504 |a Bibliography : page [8] 
600 1 0 |a Locke, John,  |d 1632-1704.  |9 34858 
650 0 |a Philosophers  |z England  |v Biography. 
830 0 |a Pelican books ;  |v A267. 
901 |a reviewed 
942 |c BK  |2 lcc 
999 |c 4119  |d 4119